Contending perspectives on the Soviet Union in Latin America /
Guardat en:
| Autor principal: | |
|---|---|
| Format: | Text |
| Matèries: | |
| Etiquetes: |
Afegir etiqueta
Sense etiquetes, Sigues el primer a etiquetar aquest registre!
|
MARC
| LEADER | 00000 a a2200000 04500 | ||
|---|---|---|---|
| 001 | 42921 | ||
| 003 | |||
| 040 | |||
| 100 | |a Cochrane, James D | ||
| 245 | |a Contending perspectives on the Soviet Union in Latin America / |c James D Cochrane | ||
| 650 | |a RELACIONES INTERNACIONALES | ||
| 650 | |a COMUNISMO | ||
| 773 | |g volumen 24, número 3; páginas 211-223 | ||
| 999 | |c 39264 |d 39264 | ||
